Famous NASCAR Race Names - Statistics

General Stats
  • This quiz has been taken 89 times
  • The average score is 12 of 22
Answer Stats
Race Name Track % Correct
Daytona 500 Daytona
100%
Coca Cola 600 Charlotte
87%
Brickyard 400 Indianapolis
87%
Southern 500 Darlington
82%
Food City 500 Bristol
76%
Pepsi 400 Daytona
69%
Toyota Save Mart 350 Sonoma
69%
World 600 Charlotte
67%
Aaron's 499 Talladega
63%
Firecracker 400 Daytona
52%
Winston 500 Talladega
52%
Ford 400 Homestead
51%
Sylvania 300 New Hampshire
45%
Goody's 500 Martinsville
40%
Carolina Dodge Dealers 400 Darlington
37%
MBNA 400 Dover
36%
Chevy Rock & Roll 400 Richmond
36%
Holly Farms 400 North Wilkesboro
22%
Checker Auto Parts 500 Phoenix
22%
Winston Western 500 Riverside
22%
Valleydale 500 Bristol
18%
Los Angeles Times 500 Ontario
18%
No matching quizzes found
Score Distribution
Percent of People with Each Score
Percentile by Number Answered
Your Score History
You have not taken this quiz